000 00817cam a22002898a 4500
999 _c733
_d733
001 005121853
003 OCoLC
005 20191205160210.0
008 930519r19921989enk 000 1 eng d
015 _aGB93-26143
020 _a0552134627 (pbk.)
020 _a9780552134620 (pbk.)
040 _aUKM
_cUKM
042 _anbic
082 _aFIC PRA
100 1 _aPratchett, Terry.
_eauthor
245 1 0 _aGuards! Guards! /
_cTerry Pratchett.
260 _a[London] :
_bCorgi,
_c1992, c1989.
300 _a316 p. ;
_c18 cm.
490 0 _aThe Discworld series.
500 _a"A Discworld novel" -- Cover.
500 _aOriginally published: London : Gollancz, c1989.
650 0 _aDiscworld (Imaginary place)
_vFiction.
650 0 _aGuards troops
_vFiction.
653 _aEnglish fiction.
942 _2ddc
_cFIC